| 000 | 00000nam##2200000za#4500 |
| 001 | 9.614087 |
| 003 | CaOODSP |
| 005 | 20200327132551 |
| 007 | ta |
| 008 | 150406|1997||||xxc||||| f|0| 0 eng|d |
| 022 | |a0706-6457 |
| 040 | |aCaOODSP|beng |
| 043 | |an-cn--- |
| 086 | 1 |aFs97-6/2185E |
| 110 | 1 |aCanada. |bDepartment of Fisheries and Oceans. |
| 245 | 10|aAnalysis of juvenile Atlantic herring catches in the southern Gulf of St. Lawrence September groundfish surveys / |cby C. H. Leblanc et al. |
| 260 | |aOttawa - Ontario : |bFisheries and Oceans Canada |c1997. |
| 300 | |aiv, 31p. : |bfigs., graphs, references, tables ; |c28 cm. |
| 490 | 1 |aCanadian technical report of fisheries and aquatic sciences|x0706-6457|v2185 |
| 500 | |aPrepared at the Science Branch, Maritimes Region, Department of Fisheries and Oceans, Gulf Fisheries Centre, P.O. Box 5030, Moncton, New Brunswick, E1C 9B6. |
| 546 | |aRésumé en français |
| 563 | |aSoftcover |
| 590 | |a97-43|b1997-10-24 |
| 720 | 1 |aLeblanc, C. H. |
| 776 | 0#|tAnalysis of juvenile Atlantic herring catches in the southern Gulf of St. Lawrence September groundfish surveys / |w(CaOODSP)9.573986 |
| 830 | #0|aCanadian technical report of fisheries and aquatic sciences,|x0706-6457|v2185|w(CaOODSP)9.514691 |